000 00369nam a2200169Ia 4500
100 _aDas/Lyla B
650 _aEmbedded systems
942 _cBK
366 _f20
654 _aembedded systems
245 _aEmbedded systems:An integrated approach
260 _bTata McGraw Hill
_c2013
082 _a3.3
_bDAS
300 _a763
546 _aENGLISH
999 _c25835
_d25835